00954 a2200193 4500020001500000040001300015100002400028245009500052250001200147260006200159300002400221650002800245700002300273942002100296999001700317952014300334952014000477952014300617 a0072899697 aDLCbDLC1 aKraus, John Daniel,10aElectromagnetics : with applicationscJohn D. Kraus and Daniel A. Fleisch, Samuel H. Russ. a5th ed. aNew Delhi :bTata McGraw-Hill Education Pvt. Ltd.,c1999. axix, 617 p. :bill. 0aElectromagnetic theory.1 aFleisch, Daniel A. cBKk537 KRA2ddc c10396d10396 001040708NFICaCLbCLcGENd2011-02-24eAllied Book Companyg734.98l1m1o537 KRApSEECS010504r2015-09-05s2015-06-30w2017-01-05yBK 001040708NFICaCLbCLcGENd2011-02-24eAllied Book Companyg734.98l3o537 KRApSEECS010505r2020-01-28s2016-10-20w2017-01-05yBK 001040708NFICaCLbCLcGENd2011-02-24eAllied Book Companyg734.98l2m1o537 KRApSEECS010506r2016-04-22s2016-03-16w2017-01-05yBK